| 000 | 00541nam a22002057a 4500 | ||
|---|---|---|---|
| 003 | OSt | ||
| 005 | 20160919142640.0 | ||
| 008 | 160919b xxu||||| |||| 00| 0 eng d | ||
| 020 | _a9781848600348 | ||
| 040 | _cDDC. | ||
| 082 | _a001.42SIL 2010 | ||
| 100 |
_aSilverman,David; _94650 |
||
| 245 | _aDoing Qualitative Research. | ||
| 250 | _a3rd ed. | ||
| 260 |
_aLos Angels. _bSage. _c2010. |
||
| 300 |
_axiv,456p; _bill; _c26cm. |
||
| 504 | _aglossary references and index are included. | ||
| 650 |
_aResearch. _93727 |
||
| 942 |
_2ddc _cB_BANK |
||
| 999 |
_c5253 _d5253 |
||